000 00448nam a2200157Ia 4500
008 240729s9999 xx 000 0 und d
022 _a2589-6288
245 0 _aJournal of Nature and Science of Medicine
260 _aIndia
260 _bWolters Kluwer Medknow Publications
650 _a Public aspects of medicine
650 _aMedicine
856 _uhttps://doaj.org/toc/184a9947c90146af884f1c9afa826d3a
942 _2ddc
942 _cDOAJEJ
999 _c71806
_d71806
945 _a1
_bMadushi Gamage
_c1
_dMadushi Gamage